书目信息 |
| 题名: |
农村基础设施投资与融资
|
|
| 作者: | 温凤荣 , 王峻/ 主编 | |
| 分册: | ||
| 出版信息: | 北京 中国建筑工业出版社 2010.07 |
|
| 页数: | 193页 | |
| 开本: | 20cm | |
| 丛书名: | ||
| 单 册: | ||
| 中图分类: | F323 | |
| 科图分类: | ||
| 主题词: | 农业经济--中国 | |
| 电子资源: | ||
| ISBN: | 978-7-112-11741-3 | |
| 000 | 00642nam0 2200205 45 | |
| 001 | 1939797993 | |
| 005 | 20191030110422.35 | |
| 010 | @a978-7-112-11741-3@dRMB 16.00 | |
| 100 | @a20191030d2010 km y0chiy0120 ea | |
| 101 | 0 | @achi |
| 102 | @aCN@b110000 | |
| 200 | 1 | @a农村基础设施投资与融资@Anong cun ji chu she shi tou zi yu rong zi@f温凤荣, 王峻/主编@Fwen feng rong,wang jun/zhu bian |
| 210 | @a北京@c中国建筑工业出版社@d2010.07 | |
| 215 | @a193页@d20cm | |
| 606 | 0 | @a农业经济@x中国 |
| 690 | @aF323@v4 | |
| 701 | 0 | @a温凤荣@Awen feng rong@4主编 |
| 701 | 0 | @a王峻/@Awang jun/@4主编 |
| 801 | 0 | @aCN@bPFT@c20191030 |
| 905 | @a10447@dF323@eW617 | |
| 农村基础设施投资与融资/温凤荣, 王峻/主编.-北京:中国建筑工业出版社,2010.07 |
| 193页;20cm |
| ISBN 978-7-112-11741-3:RMB 16.00 |
| ● |
| 相关链接 |
|
|
|
正题名:农村基础设施投资与融资
索取号:F323/W617
 
预约/预借
| 序号 | 登录号 | 条形码 | 馆藏地/架位号 | 状态 | 备注 |
| 1 | 1455979 | 214559798 | 社科库409/409社科库 33排3列1层/ [索取号:F323/W617] | 在馆 | |
| 2 | 1455980 | 214559805 | 社科库409/409社科库 33排3列1层/ [索取号:F323/W617] | 在馆 | |
| 3 | 1455981 | 214559814 | 社科二线422/409社科库 33排3列1层/ [索取号:F323/W617] | 在馆 | |
| 4 | 1455982 | 214559823 | 社科二线422/409社科库 33排3列1层/ [索取号:F323/W617] | 在馆 | |
| 5 | 1455983 | 214559832 | 社科二线422/409社科库 33排3列1层/ [索取号:F323/W617] | 在馆 |